MARC

LEADER 00000nam0a2200000 4500
001 373538
005 20231102012556.0
035 |a (RuTPU)RU\TPU\retro\30968 
035 |a RU\TPU\book\305447 
090 |a 373538 
100 |a 20221216d1911 k y0rusy50 ca 
101 0 |a rus 
102 |a RU 
105 |a a z 000zy 
200 1 |a Пневматическая система водоснабжения  |f Н. А. Кашкаров  |e [оттиск] 
210 |a Санкт-Петербург  |c Издание Собрания Инженеров Путей Сообщения  |c Типография Т-ва п. ф. "Электро-Тип. Н. Я. Стойковой"  |d 1911 
215 |a 43 с.  |c ил. 
225 1 |a Известия Собрания инженеров путей сообщения 
300 |a Текст в русской дореформенной орфографии 
610 1 |a водоснабжение 
610 1 |a пневматические системы 
610 1 |a труды учёных ТПУ 
610 1 |a коллекция ТПУ 
610 1 |a насосы 
610 1 |a водонапорные башни 
610 1 |a внутреннее давление 
610 1 |a компрессоры 
610 1 |a напорные трубы 
610 1 |a расходы воды 
610 1 |a резервуары 
675 |a 696.1  |v 3 
700 1 |a Кашкаров  |b Н. А.  |c российский инженер путей сообщения  |c профессор ТТИ (1911-1921)  |f 1883-?  |g Николай Алексеевич  |2 stltpush  |3 (RuTPU)RU\TPU\pers\21837  |9 9176 
801 1 |a RU  |b 63413507  |c 20150124 
801 2 |a RU  |b 63413507  |c 20230627  |g RCR 
942 |c BK